Tajné spoločnosti

Bibliographic Details
Main Author: Černjak, Jefim Borisovič (Author)
Other Authors: Piovarcsyová, Eva, 1953- (Translator)
Format: Book
Language:Slovak
Russian
PhysicalDescription:329 strán, 16 nečíslovaných strán obrazových príloh fotografie 21 cm
Published: Bratislava Pravda 1990
ISBN:8021800615
Edition:1. vyd.
Subjects:

MARC

LEADER 00000cam a2200000 a 4500
001 vtls001061768
003 SK-MaSNL
005 20260301061753.0
008 240226s1990 xo o gr 000 0 slo
015 |a SNBA1990/07 
020 |a 8021800615  |q (viazané) 
035 |a SNK000004596 
035 |a 5EF61E73-43D7-4E5A-8FF9-4DC3D0DE70B2 
035 |a urn:nbn:sk:snk-am00ijj7 
040 |a SNK  |b slo  |c SNK  |e AACR2 
041 1 |a slo  |h rus 
044 |a xo  |c SK 
072 7 |a 061.2  |x Nevládne organizácie a kooperácia  |2 konspekt 
080 |a 940:061.236.6  |2 1981 
080 |a 061.236.6  |2 1981 
080 |a 061.25  |2 2011 
080 |a 061.251-051  |2 2011 
080 |a (048.8)  |2 2011 
080 |a 2-79  |2 2011 
100 1 |a Černjak, Jefim Borisovič  |4 aut  |9 375354 
240 1 0 |a Nevidimyje imperii  |l Slovensky 
245 1 0 |a Tajné spoločnosti  |c J. B. Čerňak ; [z ruského originálu Nevidimyje imperii ... preložila Eva Piovarcyová] 
250 |a 1. vyd. 
260 |a Bratislava  |b Pravda  |c 1990  |e Bratislava  |f Pravda 
300 |a 329 strán, 16 nečíslovaných strán obrazových príloh  |b fotografie  |c 21 cm 
366 |e 5000 výtl. 
500 |a Rozložená ilustrácia na titulnej strane 
500 |a Obsahuje poznámky 
650 0 7 |a tajné spoločnosti  |2 SNKPH  |9 4326 
650 0 7 |a slobodomurári  |2 SNKPH  |9 4328 
650 0 7 |a sekty  |2 SNKPH  |9 2025 
655 7 |a monografie  |2 SNKPH  |9 70139 
700 1 |a Piovarcsyová, Eva,  |d 1953-  |4 trl  |9 86084 
852 |a Slovenská národná knižnica 
919 |a 80-218-0061-5 
954 |a odborná, vedecká literatúra cudzojazyčná (svetová)  |2 lita 
958 |a NB 
958 |a TL 
958 |a OP 
958 |a OND 
958 |a EUIPO 
968 |b RUS 
999 |c 618261  |d 620191 
952 |t P60, <04>, [BOOK], {604}  |a SNK  |b SNK  |y VYP  |7 0  |p 17A0053565  |o snkSC 76983 D1  |0 0  |1 0  |4 0  |d 1997-03-10  |l 0  |r 2004-12-31 00:00:00  |w 2026-02-23 
952 |t P60, <04>, [BOOK], {603}  |a SNK  |b SNK  |y PREZ  |7 0  |p 17A0071428  |o snkSC 76983  |i snkKSP 4200/90  |0 0  |1 0  |4 0  |d 1997-06-06  |f 1  |l 0  |r 2004-12-31 00:00:00  |w 2026-02-23 
952 |t snkČER 061.236  |a SNKUST  |b SNKUST  |y PREZ  |7 0  |p 17A0361200  |o snkSC 76983 D2  |i snkKSP 13060/2002  |0 0  |1 0  |4 0  |d 2002-10-24  |l 0  |r 2025-05-29 00:00:00  |w 2026-02-23